000 01448nam a2200241 a 4500
001 000021408
005 20240422101417.0
008 100907s1989 dr abc 000 0 spa d
040 _aDO-SdBNP
_bspa
_cBNPHU
082 _a972.93052
_bC146i
100 1 _aCalder, Bruce J.
_944670
240 1 3 _aThe impact of intervention
_lespañol
245 1 3 _aEl impacto de la intervención :
_bla República Dominicana durante la ocupación norteamericana de 1916-1924 /
_cBruce J. Calder.
260 _aSanto Domingo :
_bFundación Cultural Dominicana,
_c1989.
300 _a405 p. :
_bil., map., retr. ;
_c24 cm.
500 _aIncluye índice alfabético
500 _aIncluye referencias bibliográficas y notas al pie de las páginas
504 _aBibliografías p. 373-385
505 0 _aComienza la ocupación: 1916 --
_tLa economía política del gobierno militar I --
_tLa economía política del gobierno militar II --
_tEl gobierno militar, la industria azucarera y las cuestiones de la tierra --
_tGuerra de guerrillas en el Este: orígenes --
_tGuerra de guerrillas en el Este: los primeros años --
_tGuerra de guerrillas en el Este: estancamiento y resolución --
_tLa campaña nacionalista para el retiro 1917-1921 --
_tLa campaña nacionalista para el retiro 1921-1924.
534 _aTraducido del inglés
651 0 _aRepública Dominicana --
_xHistoria --
_yOcupación norteamericana, 1916-1924
_91926
910 _aValidado. Control de calidad MFF
999 _c20908
_d20908